Slovenský šach

Bibliographic Details
New Title:Šachprofil
Other Authors: Polko, Juraj (Publishing director)
Format: Journal
Language:Slovak
PhysicalDescription:3 zv. 20 cm
Published: Martin MEDEA - šachové vydavateľstvo 1990-1992
ISSN:1335-0455
Subjects:

MARC

LEADER 00000cas a2200000 a 4500
001 vtls001457203
003 SK-MaSNL
005 20260228160829.0
008 030725d19901992xo br|p 0 0b0slo
035 |a SNK000412510 
040 |a SNK  |b slo  |c SNK  |e AACR2 
041 0 |a slo 
044 |a xo  |c SK 
072 7 |a 794  |x Doskové a stolové hry, logické hry, hry zručnosti, krížovky  |2 konspekt 
080 |a 794.1  |2 2001 
245 0 0 |a Slovenský šach 
260 |a Martin  |b MEDEA - šachové vydavateľstvo  |c 1990-1992 
300 |a 3 zv.  |c 20 cm 
310 |a 6x ročne  |b 1991-1992 
321 |a 1x mesačne  |b 1990 
362 0 |a Č. 1 (1990)-č. 6 (1992) 
500 |a Zmena podnázvu: od č. 1/1996 šachový život doma i v zahraničí 
500 |a Šéfredaktor: Juraj Polko 
500 |a Reg. číslo: MK SR 215/90 
500 |a Tlač: Nadas, záv. 01, Martin, od č. 4/1990 Nadas, zav 01, Vrútky, od č. 1/1991 Repro_S, Martin 
650 0 7 |a šach  |2 SNKPH  |9 3315 
650 0 7 |a šachové turnaje  |2 SNKPH  |9 3317 
650 0 7 |a šachové partie  |2 SNKPH  |9 84978 
650 0 7 |a šachisti  |2 SNKPH  |9 3316 
655 7 |a špecializované časopisy  |2 SNKPH  |9 70509 
700 1 |a Polko, Juraj  |4 pbd  |9 267420 
785 0 0 |t Šachprofil  |x 1335-0455  |w vtls008881707 
910 |a snk 
916 |a 1990-1992 
958 |a OND 
999 |c 3701  |d 5631 
952 |0 0  |1 0  |4 0  |7 0  |a SNK  |b SNK  |d 2003-07-25  |i snkČSP 348/93  |l 0  |o snkČSD 1780/1991 D1  |p 17A0390484  |r 2005-01-02 00:00:00  |t č. 1-6  |w 2026-02-21  |y PREZ 
952 |0 0  |1 0  |4 0  |7 0  |a SNK  |b SNK  |d 2015-09-25  |f 1  |i snkČSP 347/93  |l 0  |o snkČSD 1780/1991  |p 17A0829242  |r 2026-02-21 20:43:59  |t č. 1-6  |w 2026-02-21  |y PREZ 
952 |0 0  |1 0  |4 0  |7 0  |a SNK  |b SNK  |d 2015-09-25  |f 1  |i snkČSP 2405/93  |l 0  |o snkČSD 1780/1992  |p 17A0829244  |r 2026-02-21 20:44:03  |t č. 1-6  |w 2026-02-21  |y PREZ 
952 |0 0  |1 0  |4 0  |7 0  |a SNK  |b SNK  |d 2003-07-25  |f 1  |i snkČSP 11/92  |l 0  |o snkČSD 1780/1990  |p 17A0390483  |r 2005-01-02 00:00:00  |t č. 1-5  |w 2026-02-21  |y PREZ 
952 |0 0  |1 0  |4 0  |7 0  |a SNK  |b SNK  |d 2003-07-25  |i snkČSP 2406/93  |l 0  |o snkČSD 1780/1992 D1  |p 17A0390415  |r 2005-01-02 00:00:00  |t č. 1-6  |w 2026-02-21  |y PREZ